| 000 | 00399nam a22001457a 4500 | ||
|---|---|---|---|
| 005 | 20170724124554.0 | ||
| 008 | 170724b xxu||||| |||| 00| 0 eng d | ||
| 022 | _a02507196 | ||
| 040 | _cPK-LaUMT | ||
| 082 |
_aZIAC 297.05 _bHAM- |
||
| 245 |
_aHamdard Islamicus April-June 2013 V-36, N-2/ _cSadia Rashi(C-Editor) |
||
| 260 |
_aKarachi: _bHamdard foundation, _c2013 |
||
| 300 | _a121 p. | ||
| 942 | _cBK | ||
| 999 |
_c95613 _d95613 |
||